Statistics for Random Russian Words

Click here to take the quiz!

General Stats

  • This quiz has been taken 791 times
  • The average score is 9 of 15

Answer Stats

HintAnswer% Correct
приветhi
97%
доброе утроgood morning
89%
доброе вечерgood evening
84%
женщинаwoman
78%
мужчинаman
77%
книгаbook
75%
столtable
71%
зеленыйgreen
60%
цветыflowers
49%
тропическийtropical
47%
кошмарnightmare
42%
ледice
40%
перецpepper
34%
наблюдательobserver
9%
головаhead
0%

Score Distribution

Percentile by Number Answered

Percent of People with Each Score

Your Score History

You have not taken this quiz